Loading...
Science - Chemistry | 0 | 8 | 0 | 0 | 80 | 56 | 82.50 | 4 | 8 |
Science - Physics | 0 | 5 | 3 | 1 | 35 | 88 | 104.20 | 4 | 4 |
Science - Other Science | 1 | 2 | 1 | 0 | 30 | 18 | 87.67 | 2 | 3 |
Social Science | 0 | 3 | 1 | 1 | 25 | 94 | 106.33 | 0 | 2 |
Beliefs | 0 | 2 | 1 | 0 | 15 | 84 | 94.50 | 1 | 2 |
Auditory Arts | 0 | 1 | 0 | 0 | 10 | 83 | 83.00 | 1 | 1 |
History - American History | 0 | 1 | 0 | 1 | 10 | 108 | 108.00 | 1 | 1 |
Visual Arts | 0 | 1 | 0 | 1 | 10 | 130 | 130.00 | 0 | 1 |
Philosophy | 0 | 1 | 1 | 0 | 5 | 102 | 102.00 | 1 | 1 |
Science - Biology | 0 | 2 | 3 | 0 | 5 | 74 | 79.50 | 0 | 2 |
History - Other History | 0 | 0 | 1 | 0 | -5 | 0.00 | 0 | 0 | |
History - Ancient History | 0 | 0 | 1 | 0 | -5 | 0.00 | 0 | 0 |